000 00394nam a22001337a 4500
040 _cNUST
082 _a200 THE
100 _aYasir Raza
_9103621
110 _aSupervisor Dr Atif Qayyum
_9103612
245 _aTH-SOF-2109-Image-Based Multi-Object Tracking Using Reduced Order Observer
260 _aISLAMABAD:
_bNUST COLLEGE OF EME,
_c2022.
650 _aMS-ELECT-20
_995936
942 _2ddc
_cTHE
999 _c592493
_d592493